All Cities to Ever Host a Diamond League Meeting - Statistics

General Stats
  • This quiz has been taken 22 times
  • The average score is 12 of 24
Answer Stats
# Last Held Answer % Correct
12 2025 London
100%
15 2025 Paris (incl. Saint-Denis)
100%
14 2025 Rome
84%
16 2025 Brussels
79%
16 2025 Zurich
79%
16 2025 Oslo
74%
16 2025 Stockholm
74%
16 2025 Lausanne
68%
10 2019 Shanghai
68%
16 2025 Doha
58%
14 2025 Eugene
58%
16 2025 Monaco
53%
6 2015 New York
53%
10 2022 Birmingham
42%
7 2025 Rabat
42%
3 2025 Xiamen
32%
1 2014 Glasgow
26%
1 2019 Stanford (San Francisco)
21%
1 2024 Suzhou
21%
4 2025 Chorzow (Katowice)
16%
2 2023 Florence
16%
3 2021 Gateshead (Newcastle)
16%
1 2024 Marrakesh
16%
1 2025 Shaoxing (Hangzhou)
11%
No matching quizzes found
Score Distribution
Percent of People with Each Score
Percentile by Number Answered
Your Score History
You have not taken this quiz